[Event "Lucky op 2nd"]
[Site "Hamburg"]
[Date "1999.10.22"]
[Round "9"]
[White "Mutzl, Sven"]
[Black "Chanez Besser, Andre"]
[Result "1/2-1/2"]
[WhiteElo "809"]
[BlackElo "1225"]
[PlyCount "42"]
[EventDate "1999.10.??"]
[EventType "swiss"]
[EventRounds "9"]
[EventCountry "GER"]
[SourceTitle "EXT 2001"]
[Source "ChessBase"]
[SourceDate "2000.11.22"]
[SourceVersion "1"]
[SourceVersionDate "2000.11.22"]
[SourceQuality "1"]

1. e4 e5 2. Nf3 Nc6 3. Bc4 Bc5 4. b4 Bxb4 5. c3 Ba5 6. d4 exd4 7. Nxd4 Nxd4 8. Qxd4 Nf6 9. Bg5 Bb6 10. Bxf6 Qxf6 11. Qxf6 gxf6 12. 0-0 0-0 13. Nd2 Re8 14. Rfe1 d6 15. Nf3 Ba5 16. Rac1 Bd7 17. h3 a6 18. Nh2 b5 19. Bb3 Rac8 20. Ng4 Kg7 21. f4 c5 1/2-1/2

[Event "Lucky op 2nd"]
[Site "Hamburg"]
[Date "1999.10.20"]
[Round "7"]
[White "Perovic Ottstadt, Sanja"]
[Black "Mutzl, Sven"]
[Result "1-0"]
[WhiteElo "1292"]
[BlackElo "809"]
[PlyCount "145"]
[EventDate "1999.10.??"]
[EventType "swiss"]
[EventRounds "9"]
[EventCountry "GER"]
[SourceTitle "EXT 2001"]
[Source "ChessBase"]
[SourceDate "2000.11.22"]
[SourceVersion "1"]
[SourceVersionDate "2000.11.22"]
[SourceQuality "1"]

1. d4 d5 2. e3 Nc6 3. Nf3 Bf5 4. c4 e6 5. Qb3 Bb4+ 6. Bd2 Bxd2+ 7. Nbxd2 b6 8. Rc1 Na5 9. Qc3 Nf6 10. Bd3 Be4 11. 0-0 Bxf3 12. Nxf3 dxc4 13. Bxc4 Ne4 14. Qc2 Nd6 15. Bd3 f5 16. Qxc7 Qxc7 17. Rxc7 0-0 18. Ba6 h6 19. Rfc1 Kh7 20. Ne5 b5 21. R1c5 Ne8 22. Rc8 Nd6 23. Rxf8 Rxf8 24. g3 Rb8 25. Nd7 Rd8 26. Ne5 Rb8 27. b4 Nac4 28. Bxb5 Nxe5 29. Rxe5 Nxb5 30. Rxe6 Nc3 31. a3 Nb1 32. Ra6 Rb7 33. Kg2 Nd2 34. f3 g6 35. d5 Nc4 36. Kf2 Kg7 37. e4 Kf7 38. g4 Rb6 39. Rxa7+ Kf6 40. gxf5 gxf5 41. Kg3 Ke5 42. Re7+ Kf6 43. Ra7 Kg5 44. h4+ Kf6 45. Kf4 Rd6 46. a4 Rb6 47. b5 Ne5 48. Ra6 Rxa6 49. bxa6 Nd7 50. a5 Nc5 51. exf5 Nxa6 52. d6 Kf7 53. Ke5 Nc5 54. h5 Nd7+ 55. Kd5 Nb8 56. Kc5 Kf6 57. Kb6 Nd7+ 58. Kc7 Nc5 59. d7 Nxd7 60. Kxd7 Kxf5 61. a6 Kf4 62. a7 Kxf3 63. a8Q+ Kg3 64. Qh8 Kf4 65. Qxh6+ Ke5 66. Qe6+ Kd4 67. h6 Kc5 68. h7 Kd4 69. h8Q+ Kc5 70. Qc3+ Kb5 71. Qec4+ Kb6 72. Q4b4+ Ka6 73. Qca3# 1-0

[Event "Lucky op 2nd"]
[Site "Hamburg"]
[Date "1999.10.19"]
[Round "6"]
[White "Mutzl, Sven"]
[Black "Sarkosch, Vera"]
[Result "1/2-1/2"]
[WhiteElo "809"]
[BlackElo "800"]
[PlyCount "51"]
[EventDate "1999.10.??"]
[EventType "swiss"]
[EventRounds "9"]
[EventCountry "GER"]
[SourceTitle "EXT 2001"]
[Source "ChessBase"]
[SourceDate "2000.11.22"]
[SourceVersion "1"]
[SourceVersionDate "2000.11.22"]
[SourceQuality "1"]

1. e4 d6 2. d4 c6 3. Nc3 g6 4. Nf3 Bg7 5. Bc4 Nf6 6. e5 dxe5 7. Nxe5 0-0 8. 0-0 e6 9. Bg5 h6 10. Bh4 b6 11. Ne4 Nbd7 12. Nxc6 Qc7 13. Ne7+ Kh8 14. Nxf6 Nxf6 15. Bxf6 Bxf6 16. Nxc8 Raxc8 17. Bb3 Rfd8 18. c3 e5 19. Qd2 exd4 20. cxd4 Rxd4 21. Qe3 Kg7 22. Rfc1 Qd7 23. Rxc8 Qxc8 24. h3 Qc7 25. Rd1 Rxd1+ 26. Bxd1 1/2-1/2